Modeling of power consumption by nonlinear inertial production; Mechanical Engineering, Automation and Control Systems (MEACS)

Détails bibliographiques
Parent link:Mechanical Engineering, Automation and Control Systems (MEACS).— 2014.— [4 p.]
Auteur principal: Zaytseva N. M.
Résumé:Title screen
It is impossible to determine the optimal operating conditions without any scientific substantiation for some nonlinear productions described as slow-response, nonlinear and closed. The simplified dynamic model of production which is able to evaluate the capacity of energy consumption as at static as well as at transitional conditions has been introduced. Some recommendations to solve problems of leveling traffics of electric load have been given for this kind of industry.
Режим доступа: по договору с организацией-держателем ресурса
Langue:anglais
Publié: 2014
Sujets:
Accès en ligne:http://dx.doi.org/10.1109/MEACS.2014.6986875
Format: Électronique Chapitre de livre
KOHA link:https://koha.lib.tpu.ru/cgi-bin/koha/opac-detail.pl?biblionumber=638989

MARC

LEADER 00000nla2a2200000 4500
001 638989
005 20231101134035.0
035 |a (RuTPU)RU\TPU\network\3386 
035 |a RU\TPU\network\3384 
090 |a 638989 
100 |a 20150218a2014 k y0engy50 ba 
101 0 |a eng 
105 |a a z 101zy 
135 |a drcn ---uucaa 
181 0 |a i  
182 0 |a b 
200 1 |a Modeling of power consumption by nonlinear inertial production  |f N. M. Zaytseva 
203 |a Text  |c electronic 
300 |a Title screen 
320 |a [References: 5 tit.] 
330 |a It is impossible to determine the optimal operating conditions without any scientific substantiation for some nonlinear productions described as slow-response, nonlinear and closed. The simplified dynamic model of production which is able to evaluate the capacity of energy consumption as at static as well as at transitional conditions has been introduced. Some recommendations to solve problems of leveling traffics of electric load have been given for this kind of industry. 
333 |a Режим доступа: по договору с организацией-держателем ресурса 
463 0 |0 (RuTPU)RU\TPU\network\3200  |t Mechanical Engineering, Automation and Control Systems (MEACS)  |o proceedings of the International Conference, Tomsk, 16-18 October, 2014  |f National Research Tomsk Polytechnic University (TPU) ; Institute of Electrical and Electronics Engineers (IEEE)  |v [4 p.]  |d 2014 
610 1 |a электронный ресурс 
610 1 |a труды учёных ТПУ 
610 1 |a modeling 
610 1 |a alumina production 
610 1 |a power consumption 
610 1 |a planning 
610 1 |a electric load 
610 1 |a моделирование 
610 1 |a глиноземы 
610 1 |a потребляемая мощность 
610 1 |a электрические нагрузки 
700 1 |a Zaytseva  |b N. M. 
801 2 |a RU  |b 63413507  |c 20161226  |g RCR 
856 4 |u http://dx.doi.org/10.1109/MEACS.2014.6986875 
942 |c CF